000
00363nam a2200169Ia 4500
003
0100
008
130303s9999 xx 000 0 und d
040
_c
ARRUPELIB
050
_a
BV4012.H51949
100
_a
Hiltner, Seward
245
_a
Pastoral Counseling
260
_a
Nashville
260
_b
Abingdon PR
260
_C
1949
300
_a
291p
942
0
0
_0
1
999
_c
57046
_d
57046